| 000 | 00587nam a2200193 a 4500 | ||
|---|---|---|---|
| 001 | 000025884 | ||
| 005 | 20240412074252.0 | ||
| 008 | 110224s2003 dr r 000 p spa d | ||
| 040 |
_aDO-SdBNP _bspa _cBNPHU |
||
| 082 |
_aRD861.44 _bC764m |
||
| 100 | 1 |
_aContreras, Marivell _912302 |
|
| 245 | 1 | 0 |
_aMujer ante el espejo / _cMarivell Contreras. |
| 260 |
_aSanto Domingo : _bCorripio, _c2003. |
||
| 300 |
_a55 p. ; _c19 cm. |
||
| 590 | _aInventariado, 2018/BT | ||
| 650 | 0 |
_aPoesÃa dominicana _966 |
|
| 650 | 0 |
_aLiteratura dominicana. _967 |
|
| 910 | _aValidado. Control de calidad. MMOLINA | ||
| 999 |
_c25376 _d25376 |
||